| 000 | 01704cam a22004574i 4500 | ||
|---|---|---|---|
| 003 | PE-LiUPU | ||
| 005 | 20250731172732.0 | ||
| 008 | 150617s1984 mau rb 000 0 eng d | ||
| 035 | _a(Sirsi) a11506 | ||
| 040 |
_aPE-LiUPU _bspa _cPE-LiUPU _erda |
||
| 049 | _aPRUA | ||
| 082 | 0 | 4 |
_a232.963 _bH23 _221 |
| 100 | 1 |
_aHaskell, Stephen Nelson, _eautor. |
|
| 245 | 1 | 4 |
_aThe cross and its shadow / _cpor Stephen N. Haskell. |
| 264 | 1 |
_aSouth Lancaster, Mass. : _bThe Bible training school, _c1984. |
|
| 300 |
_a388 páginas ; _c20 centímetros |
||
| 336 |
_atext _2rdacontent |
||
| 337 |
_aunmediated _2rdamedia |
||
| 338 |
_avolume _2rdacarrier |
||
| 504 | _aIncluye bibliografía. | ||
| 505 | 0 | _aThe sanctuary -- Furniture of the sanctuary -- The priesthood -- Springtime annual feasts -- Various offerings -- Services of the sanctuary -- The autumnal annual feasts -- Levitical laws and ceremonies -- The tribes of Israel. | |
| 526 | _aSEG42 | ||
| 526 | _aSEG41 | ||
| 526 | _aSEG40 | ||
| 526 | _aSEG39 | ||
| 526 | _aP94 | ||
| 526 | _aP87 | ||
| 526 | _aP86 | ||
| 526 | _aP85 | ||
| 526 | _aP77 | ||
| 526 | _aP76 | ||
| 526 | _aP35 | ||
| 650 | 0 | 4 | _aTipología (Teología). |
| 910 |
_ajck _bjvq _cjck _d20150616 |
||
| 942 |
_2ddc _cBOOK |
||
| 949 |
_a232.963 H23 _wDEWEY _c1 _i30523 _lCCODEBUL1 _mBUL _p00.00 _r0 _sY _tBOOK _u19890531 _xTEOLOGIA _PP35 _0COMPRA _o.STAFF. Colección General |
||
| 994 |
_aC0 _bPEPRU |
||
| 596 | _a1 | ||
| 999 |
_a232.963 H23 _wDEWEY _c1663 _i30523 _d1663 _e2016-3-31 _f2021-11-10 _g5 _lCCODEBUL1 _mBUL _n1 _p20.00 _r0 _sY _tBOOK _u2015-6-17 _xTEOLOGIA _PP35 _0COMPRA _o.STAFF. Colección Teología |
||
| 980 |
_81 _gALBERTO SANCHEZ Responsable de Automatización |
||